000 00645nam a2200169Ia 4500
008 180921t2021 xxu||||| |||| 00| 0 sin d
041 _asin
080 _a8-31
_bගුට්ම
100 _aගුට්මන්, ඩැන්
245 _aඅගර දඟර ඉස්කෝලේ 14 : නත්තල් සීයා ගුවන්ගත වෙයි
260 _bබුක්රැක් පබ්ලිෂර්ස්
_aරාජගිරිය
_c2021
300 _aසෙ.මි.18, පි.101
700 _aසුදත් රොහාන්
_eපරි.
942 _cBK
999 _c10464
_d10464
003 LK-CoDNM
040 _aLK-CoDNM
_dLK-CoDNM
_eLK-CoDNM